Country and Capital Neighbour Connect with Jumps and Disappearing World Map: Closest to Greenwich Meridian along Parallels - Statistics

General Stats
  • This quiz has been taken 247 times
  • The average score is 221 of 392
Answers on the Map
Answers color-coded by a green-red scale on the quiz's map according to % correct below.
 
Answer Stats
Hint Hint Country/Capital % Correct
377 86 London
99%
377 86 United Kingdom
96%
372 127.5 Spain
90%
384 118.7 Andorra
88%
386 105 France
88%
386 105 Paris
88%
384 118.7 Andorra la Vella
87%
393 86.9 Amsterdam
83%
391 91 Belgium
83%
391 91 Brussels
83%
404 89.9 Germany
83%
393 86.9 Netherlands
83%
404 89.9 Berlin
82%
398.4 103.5 Bern
82%
394.3 94.2 Luxembourg
82%
394.3 94.2 Luxembourg (cap)
82%
398.4 103.5 Switzerland
82%
414.2 100.9 Austria
80%
416.4 124.2 Italy
80%
402 103.1 Liechtenstein
80%
416.4 124.2 Rome
80%
408.5 113.9 San Marino
80%
408.5 113.9 San Marino (cap)
80%
402 103.1 Vaduz
80%
408.5 120.7 Vatican City
80%
408.5 120.7 Vatican City (cap)
80%
384.2 167.2 Algeria
79%
377 219 Burkina Faso
79%
378.2 234.5 Ghana
79%
377 202.2 Mali
79%
377 219 Ouagadougou
79%
383 232.4 Togo
79%
378.2 234.5 Accra
78%
384.2 167.2 Algiers
78%
385.7 225 Benin
78%
368 235.9 Cote d'Ivoire
78%
403.3 203.9 Niger
78%
398 230.8 Abuja
77%
407 247 Cameroon
77%
404 255.8 Equatorial Guinea
77%
406.5 264 Gabon
77%
366 153.5 Morocco
77%
422.6 209.4 N'Djamena
77%
403.3 203.9 Niamey
77%
398 230.8 Nigeria
77%
366 153.5 Rabat
77%
419.3 172.9 Tripoli
77%
401 148 Tunis
77%
401 148 Tunisia
77%
420 301.2 Angola
76%
435 336.1 Botswana
76%
416.9 260.5 Brazzaville
76%
422.6 209.4 Chad
76%
347 212 Dakar
76%
354 232.9 Freetown
76%
344 216 Gambia
76%
353.3 224.2 Guinea
76%
347.7 220.3 Guinea-Bissau
76%
433 267.2 Kinshasa
76%
444 360.5 Lesotho
76%
359.2 239.6 Liberia
76%
406.5 264 Libreville
76%
419.3 172.9 Libya
76%
420 301.2 Luanda
76%
372 127.5 Madrid
76%
354 195.5 Mauritania
76%
359.2 239.6 Monrovia
76%
418 328 Namibia
76%
385.7 225 Porto-Novo
76%
431 365 Pretoria
76%
416.9 260.5 Republic of the Congo
76%
347 212 Senegal
76%
354 232.9 Sierra Leone
76%
431 365 South Africa
76%
418 328 Windhoek
76%
407 247 Yaoundé
76%
377 202.2 Bamako
74%
347.7 220.3 Bissau
74%
353.3 224.2 Conakry
74%
363 82.5 Dublin
74%
363 82.5 Ireland
74%
383 232.4 Lomé
74%
444 360.5 Maseru
74%
368 235.9 Yamoussoukro
74%
427.6 239 Bangui
73%
344 216 Banjul
73%
435 336.1 Gaborone
73%
404 255.8 Malabo
73%
397.2 114.5 Monaco
71%
397.2 114.5 Monaco (cap)
71%
401.7 57 Norway
71%
401.7 57 Oslo
71%
414 93.8 Czech Republic
70%
437 52 Finland
70%
437 52 Helsinki
70%
577 52 Moscow
70%
423.6 87.1 Poland
70%
414 93.8 Prague
70%
414.3 60.5 Stockholm
70%
414.3 60.5 Sweden
70%
414.2 100.9 Vienna
70%
423.6 87.1 Warsaw
70%
425.5 124 Albania
68%
460.3 130.6 Ankara
68%
430 129 Athens
68%
461.7 146.8 Beirut
68%
427.6 113 Belgrade
68%
421 113 Bosnia and Herzegovina
68%
423 98 Bratislava
68%
424.4 103.1 Budapest
68%
437.8 117.9 Bulgaria
68%
447 171.3 Cairo
68%
427.6 239 Central African Republic
68%
418 108 Croatia
68%
467 143 Damascus
68%
433 267.2 Democratic Republic of the Congo
68%
447 171.3 Egypt
68%
430 129 Greece
68%
424.4 103.1 Hungary
68%
459 157 Jerusalem
68%
427.5 118.5 Kosovo
68%
461.7 146.8 Lebanon
68%
413 106.5 Ljubljana
68%
429.5 121.7 Macedonia
68%
423.7 117.8 Montenegro
68%
467 309.5 Mozambique
68%
423.7 117.8 Podgorica
68%
427.5 118.5 Pristina
68%
436.7 107.1 Romania
68%
421 113 Sarajevo
68%
427.6 113 Serbia
68%
429.5 121.7 Skopje
68%
423 98 Slovakia
68%
413 106.5 Slovenia
68%
437.8 117.9 Sofia
68%
448.5 209.5 Sudan
68%
451.3 350.1 Swaziland
68%
425.5 124 Tirana
68%
460.3 130.6 Turkey
68%
418 108 Zagreb
68%
438 310 Zambia
68%
447 325 Zimbabwe
68%
401.5 73.5 Copenhagen
67%
401.5 73.5 Denmark
67%
447 325 Harare
67%
438 310 Lusaka
67%
467 309.5 Maputo
67%
341 43 Iceland
66%
361.7 127.6 Lisbon
66%
451.3 350.1 Mbabane
66%
361.7 127.6 Portugal
66%
395.5 260.6 São Tomé
66%
395.5 260.6 São Tomé and Príncipe
66%
462.3 158.9 Amman
65%
480.5 125 Armenia
65%
487.6 125 Azerbaijan
65%
478.8 149.9 Baghdad
65%
487.6 125 Baku
65%
443.4 81.2 Belarus
65%
436.7 107.1 Bucharest
65%
444.4 102 Chișinău
65%
439 64.8 Estonia
65%
479 120 Georgia
65%
478.8 149.9 Iraq
65%
459 157 Israel
65%
462.3 158.9 Jordan
65%
450.6 96 Kiev
65%
487 162.9 Kuwait
65%
487 162.9 Kuwait City
65%
438 70.6 Latvia
65%
434.3 76.3 Lithuania
65%
412.9 141.1 Malta
65%
443.4 81.2 Minsk
65%
444.4 102 Moldova
65%
341 43 Reykjavík
65%
438 70.6 Riga
65%
577 52 Russia
65%
482.1 179.9 Saudi Arabia
65%
467 143 Syria
65%
439 64.8 Tallinn
65%
479 120 Tbilisi
65%
501.3 152.5 Tehran
65%
450.6 96 Ukraine
65%
412.9 141.1 Valletta
65%
434.3 76.3 Vilnius
65%
480.5 125 Yerevan
65%
502 182.5 Abu Dhabi
63%
326.7 206.9 Cape Verde
63%
455.3 143.7 Cyprus
63%
509.33 187.2 Muscat
63%
455.3 143.7 Nicosia
63%
509.33 187.2 Oman
63%
482.1 179.9 Riyadh
63%
488.3 208.2 Sana'a
63%
502 182.5 United Arab Emirates
63%
488.3 208.2 Yemen
63%
326.7 206.9 Praia
62%
470 234.2 Addis Ababa
61%
447.8 272.6 Burundi
61%
476.4 221.6 Djibouti
61%
476.4 221.6 Djibouti (cap)
61%
466.3 209.2 Eritrea
61%
470 234.2 Ethiopia
61%
449.6 239.5 Juba
61%
453.1 256.6 Kampala
61%
465.8 259.9 Kenya
61%
448.5 209.5 Khartoum
61%
447.8 267.7 Kigali
61%
456 307 Malawi
61%
465.8 259.9 Nairobi
61%
354 195.5 Nouakchott
61%
447.8 267.7 Rwanda
61%
449.6 239.5 South Sudan
61%
459.1 282.5 Tanzania
61%
453.1 256.6 Uganda
61%
466.3 209.2 Asmara
60%
459.1 282.5 Dodoma
60%
456 307 Lilongwe
60%
488 230 Mogadishu
60%
488 230 Somalia
60%
447.8 272.6 Bujumbura
57%
479.4 301.4 Comoros
56%
479.4 301.4 Moroni
56%
513 130.6 Ashgabat
55%
533 100 Astana
55%
501.3 152.5 Iran
55%
533 100 Kazakhstan
55%
513 130.6 Turkmenistan
55%
525 122.5 Uzbekistan
55%
528 149.2 Afghanistan
54%
545.2 133.5 Dushanbe
54%
535.7 164.2 Islamabad
54%
528 149.2 Kabul
54%
556 185.9 New Delhi
54%
535.7 164.2 Pakistan
54%
545.2 133.5 Tajikistan
54%
525 122.5 Tashkent
54%
548 122 Bishkek
52%
556 185.9 India
52%
548 122 Kyrgyzstan
52%
569.8 166.5 Nepal
52%
615 140.9 Beijing
51%
584.1 169.4 Bhutan
51%
615 140.9 China
51%
569.8 166.5 Kathmandu
51%
614.2 104.1 Mongolia
51%
584.1 169.4 Thimphu
51%
614.2 104.1 Ulaanbaatar
51%
180.9 203.6 Belize
49%
180.9 203.6 Belmopan
49%
266 294 Brasília
49%
143 66 Canada
49%
216.3 247.5 Colombia
49%
192 228 Costa Rica
49%
177.4 210 Guatemala
49%
184.5 210.7 Honduras
49%
151 182 Mexico
49%
254.9 370.2 Montevideo
49%
188.2 218.1 Nicaragua
49%
143 66 Ottawa
49%
198 232.5 Panama City
49%
153 129 United States
49%
254.9 370.2 Uruguay
49%
153 129 Washington D.C.
49%
234 373 Buenos Aires
48%
234 373 Argentina
46%
248.9 339.7 Asunción
46%
236 319 Bolivia
46%
248.9 339.7 Paraguay
46%
266 294 Brazil
45%
236 319 La Paz
45%
208 292 Peru
45%
254.4 248.1 Suriname
45%
486 324.3 Antananarivo
44%
216.3 247.5 Bogotá
44%
232 235 Caracas
44%
218 384 Chile
44%
248 242 Georgetown
44%
248 242 Guyana
44%
486 324.3 Madagascar
44%
494.3 174 Manama
44%
254.4 248.1 Paramaribo
44%
218 384 Santiago
44%
232 235 Venezuela
44%
494.3 174 Bahrain
43%
495.7 176.2 Doha
43%
495.7 176.2 Qatar
43%
505.5 277 Seychelles
41%
505.5 277 Victoria
41%
241.4 204 Antigua and Barbuda
40%
246.5 217 Barbados
40%
246.5 217 Bridgetown
40%
510.1 329.1 Mauritius
40%
510.1 329.1 Port Louis
40%
241.4 204 Saint John's
40%
583 181.8 Bangladesh
39%
583 181.8 Dhaka
39%
545.9 248.9 Maldives
39%
545.9 248.9 Malé
39%
597 188.5 Myanmar
39%
597 188.5 Naypyidaw
39%
562 235.3 Sri Jayawardenepura Kotte
39%
562 235.3 Sri Lanka
39%
209 180.9 Bahamas
38%
239.4 203.4 Basseterre
38%
243.2 214.6 Castries
38%
206 190.2 Cuba
38%
242.4 209.5 Dominica
38%
221 197 Dominican Republic
38%
241.6 220.6 Grenada
38%
218 196 Haiti
38%
624.3 219.9 Hanoi
38%
206 190.2 Havana
38%
206 200.2 Jamaica
38%
206 200.2 Kingston
38%
242.7 216.8 Kingstown
38%
610.3 194.9 Laos
38%
209 180.9 Nassau
38%
218 196 Port-au-Prince
38%
242.5 226.6 Port-of-Spain
38%
242.4 209.5 Roseau
38%
241.6 220.6 Saint George's
38%
239.4 203.4 Saint Kitts and Nevis
38%
243.2 214.6 Saint Lucia
38%
242.7 216.8 Saint Vincent and the Grenadines
38%
221 197 Santo Domingo
38%
608 207.9 Thailand
38%
242.5 226.6 Trinidad and Tobago
38%
610.3 194.9 Vientiane
38%
608 207.9 Bangkok
37%
616 219.1 Cambodia
37%
204 265.5 Ecuador
37%
180.4 215 El Salvador
37%
177.4 210 Guatemala City
37%
208 292 Lima
37%
188.2 218.1 Managua
37%
151 182 Mexico City
37%
198 232.5 Panama
37%
616 219.1 Phnom Penh
37%
204 265.5 Quito
37%
192 228 San José
37%
180.4 215 San Salvador
37%
184.5 210.7 Tegucigalpa
37%
624.3 219.9 Vietnam
37%
665.7 127 North Korea
32%
665.7 127 Pyongyang
32%
669 139 Seoul
32%
669 139 South Korea
32%
635.5 264 Jakarta
29%
610.3 247.2 Kuala Lumpur
29%
610.3 247.2 Malaysia
29%
638.6 246.1 Bandar Seri Begawan
28%
638.6 246.1 Brunei
28%
635.5 264 Indonesia
27%
614.2 256.7 Singapore
27%
614.2 256.7 Singapore (cap)
27%
652.9 182.1 Taipei
27%
652.9 182.1 Taiwan
27%
693.3 140 Japan
26%
657 220.6 Manila
26%
657 220.6 Philippines
26%
693.3 140 Tokyo
26%
664.3 290.8 Dili
24%
664.3 290.8 East Timor
24%
683 342 Australia
23%
683 342 Canberra
23%
776.7 391.9 New Zealand
23%
680.5 241.3 Ngerulmud
23%
680.5 241.3 Palau
23%
703.7 282.4 Papua New Guinea
23%
776.7 391.9 Wellington
23%
703.7 282.4 Port Moresby
22%
798.1 328.7 Nukuʻalofa
20%
798.1 328.7 Tonga
20%
717.7 235.2 Federated States of Micronesia
18%
21 272 Kiribati
18%
760.6 232.2 Majuro
18%
760.6 232.2 Marshall Islands
18%
717.7 235.2 Palikir
18%
755.5 318.6 Port Vila
18%
755.5 318.6 Vanuatu
18%
802.8 307.7 Apia
17%
782.9 320.1 Fiji
17%
742.1 295 Honiara
17%
756.2 263.4 Nauru
17%
802.8 307.7 Samoa
17%
742.1 295 Solomon Islands
17%
21 272 South Tarawa
17%
782.9 320.1 Suva
17%
756.2 263.4 Yaren
17%
804.5 282.8 Funafuti
16%
804.5 282.8 Tuvalu
16%
No matching quizzes found
Score Distribution
Percent of People with Each Score
Percentile by Number Answered
Your Score History
You have not taken this quiz